[Event "Bratsk-ch"]
[Site "Bratsk"]
[Date "2018.03.31"]
[Round "9"]
[White "Permyakova, Elvira"]
[Black "Ogorelkov, Vladimir"]
[Result "0-1"]
[WhiteElo "1730"]
[BlackElo "1372"]
[PlyCount "64"]
[EventDate "2018.03.24"]
[EventType "tourn"]
[EventRounds "13"]
[EventCountry "RUS"]
[SourceTitle "EXT 2019"]
[Source "ChessBase"]
[SourceDate "2018.10.10"]
[SourceVersion "1"]
[SourceVersionDate "2018.10.10"]
[SourceQuality "1"]

1. Nf3 c5 2. c4 g6 3. g3 Bg7 4. Bg2 Nc6 5. 0-0 d6 6. Nc3 f5 7. d3 Nf6 8. Bd2 0-0 9. Qc1 e5 10. Bh6 Rb8 11. a4 Re8 12. Bxg7 Kxg7 13. Rd1 h6 14. b3 a6 15. e3 Qe7 16. Qb2 g5 17. d4 e4 18. Ne1 Kg6 19. Nc2 h5 20. Rd2 h4 21. Ne2 Rh8 22. dxc5 dxc5 23. Rad1 Ne5 24. Ne1 hxg3 25. fxg3 Neg4 26. Qc3 Rxh2 27. Rd6 Be6 28. Rb6 Rbh8 29. Rdd6 Rh1+ 30. Bxh1 Rxh1+ 31. Kg2 Qh7 32. Nf3 Qh3# 0-1